North American Teams With No World Cup Appearances - Statistics

General Stats
  • This quiz has been taken 44 times
    19 since last reset
  • The average score is 18 of 21
Answer Stats
Attempts Team % Correct
7 Bahamas
100%
8 Dominica
100%
10 Dominican Republic
100%
8 St Kitts and Nevis
100%
8 St Lucia
100%
9 St Vincent and the Grenadines
100%
10 Barbados
94%
8 Belize
94%
9 Grenada
94%
9 Nicaragua
94%
12 Antigua and Barbuda
89%
17 Guatemala
89%
7 U.S Virgin Islands
89%
11 Puerto Rico
83%
8 Aruba
72%
9 Bermuda
72%
7 British Virgin Islands
72%
8 Cayman Islands
72%
7 Montserrat
61%
7 Anguilla
56%
7 Turks and Caicos Islands
50%
No matching quizzes found
Score Distribution
Percent of People with Each Score
Percentile by Number Answered
Your Score History
You have not taken this quiz since the last reset